| 000 | 00996nam a22003850a 4500 | ||
|---|---|---|---|
| 001 | PT42997 | ||
| 003 | AR-LpoUNG | ||
| 005 | 20260120124223.0 | ||
| 008 | 201001s2010||||ag |||||||||||||||||spa d | ||
| 020 |
_a9789503308325 _c$41 |
||
| 040 |
_aAR-LpoUNG _bspa _eaacr |
||
| 041 | _aspa | ||
| 044 | _aag | ||
| 082 | 0 | _a320.01 928rui | |
| 100 | 1 | _aVolney | |
| 245 | 1 | 4 | _aLas ruinas de Palmira |
| 250 | _a1ra. ed. | ||
| 260 |
_aCórdoba : _bUniversidad Nacional de General Sarmiento - Universidad Nacional de Córdoba, _c2010. |
||
| 300 |
_a235 p. : _bgráfs., tbls. |
||
| 490 | 0 | _aBicentenario | |
| 650 | 4 | _aASPECTOS POLITICOS | |
| 650 | 4 | _aCONOCIMIENTO | |
| 650 | 4 | _aCULTURA | |
| 650 | 4 | _aESTADO | |
| 650 | 4 | _aFILOSOFIA | |
| 650 | 4 | _aRELIGION | |
| 650 | 4 | _aSOCIEDAD | |
| 650 | 4 | _aTRADUCCION | |
| 650 | 4 | _aFILOSOFIA POLITICA | |
| 653 | 0 | _aMANUSCRITOS | |
| 700 | 1 |
_aMoreno, Mariano _etr. |
|
| 700 | 1 |
_aTorres, Sebastián _epról. |
|
| 905 | _a42997 | ||
| 942 |
_cLIB _2ddc |
||
| 999 |
_c50941 _d50941 |
||